000 00648nam a2200217Ia 4500
003 GCL
005 20240530095501.0
008 140319s9999 xx 000 0 ara d
020 _a9088704781
040 _aGCL /
_cGCL
082 0 4 _a394.5
_bط/ف ك
100 1 _aفيرافالا, جميلة قريشى
245 1 0 _aكتابى عن الاعياد الهندية /
_cفيرافالا, جميلة قريشى
250 _aالاولى
300 _a ؛
_c30 سم
650 0 4 _aالهند
650 0 4 _aالاحتفالات
650 0 4 _aالهند - عادات وتقاليد
650 0 4 _aالاعياد الهندية
942 _2ddc
_cBK
999 _c7722
_d7722